[Event "33rd Rilton Cup"]
[Site "Stockholm SWE"]
[Date "2003.12.29"]
[Round "3.71"]
[White "Krantz, Christopher"]
[Black "Cleanthous, Demetris"]
[Result "1-0"]
[WhiteElo "1919"]
[BlackElo "2091"]
[EventDate "2003.12.27"]
[PlyCount "107"]

1.c4 e6 2.g3 d5 3.Bg2 c6 4.Nf3 Nd7 5.O-O Ngf6 6.b3 Be7 7.Bb2 O-O 8.d4 Ne4 
9.Nc3 f5 10.Nd2 Qa5 11.Qc2 Bg5 12.e3 Bh6 13.Rae1 Rf7 14.f3 Nxd2 15.Qxd2 
Qc7 16.Qe2 Nf6 17.e4 Bd7 18.e5 Ne8 19.f4 Qb6 20.Qd2 Qa5 21.a3 Qa6 22.cxd5 
cxd5 23.Rc1 Bc6 24.b4 Nc7 25.Rf3 Qb6 26.Bf1 a6 27.Qd1 g6 28.Na4 Qa7 29.Nc5
Bf8 30.Rfc3 Re8 31.Nxb7 Bxb7 32.Rxc7 Qb6 33.Qc2 Rxc7 34.Qxc7 Qxc7 35.Rxc7 
Re7 36.Rxe7 Bxe7 37.Bc3 Kf7 38.Kf2 Ke8 39.Ke2 Kd7 40.h3 h5 41.Kd2 h4 42.g4
fxg4 43.hxg4 Bc8 44.Ke3 g5 45.f5 exf5 46.gxf5 Kc6 47.e6 a5 48.Kf3 axb4 49.
Bxb4 Bf6 50.Kg4 h3 51.Bxh3 Ba6 52.Kh5 Be2+ 53.Bg4 Bd3 54.Bc5 1-0

[Event "33rd Rilton Cup"]
[Site "Stockholm SWE"]
[Date "2003.12.30"]
[Round "4.18"]
[White "Gagarin, Vasily"]
[Black "Lindberg, Henrik"]
[Result "1/2-1/2"]
[WhiteElo "2439"]
[BlackElo "2208"]
[EventDate "2003.12.27"]
[PlyCount "147"]

1.d4 Nf6 2.c4 e6 3.Nc3 Bb4 4.e3 c5 5.Bd3 Nc6 6.Ne2 cxd4 7.exd4 d5 8.cxd5 
Nxd5 9.O-O Be7 10.Be4 Bf6 11.a3 O-O 12.Qd3 g6 13.Bh6 Re8 14.Rfd1 Nce7 15.
Qf3 b6 16.Bxd5 Nxd5 17.Nxd5 exd5 18.Nc3 Be6 19.Bf4 Rc8 20.Be5 Bg7 21.Bxg7 
Kxg7 22.Re1 Qf6 23.Qxf6+ Kxf6 24.f3 Red8 25.Rad1 Rc4 26.Kf2 a6 27.Rd2 Ke7 
28.Nd1 Kd6 29.Ne3 Rc7 30.Rc2 Rxc2+ 31.Nxc2 Rc8 32.Ne3 f6 33.Ke2 Bd7 34.Kd2
Rc7 35.h4 h6 36.Rc1 Rxc1 37.Kxc1 g5 38.g3 Be6 39.Kd2 Bd7 40.Nd1 Be6 41.
hxg5 hxg5 42.Nc3 Bd7 43.Ke3 Be6 44.Kd2 Bd7 45.Nd1 Be6 46.Ne3 f5 47.Nd1 Bd7
48.Nf2 Ke6 49.Nd3 Bb5 50.Ne5 Be8 51.Kc3 Bb5 52.Kb4 Be2 53.Kb3 Bd1+ 54.Kc3 
Be2 55.Kb4 Ke7 56.b3 Ke6 57.Kc3 Bd1 58.b4 Ba4 59.Nd3 Be8 60.Kb3 Bb5 61.Ne5
Be2 62.Kc3 Bb5 63.Kd2 Ke7 64.Kc2 Ke6 65.f4 g4 66.Kb3 Bd7 67.Nd3 Bb5 68.Nb2
Kd6 69.Nd1 Be8 70.a4 Bc6 71.Nb2 Bd7 72.Nd3 Bc8 73.a5 b5 74.Nc5 1/2-1/2

[Event "33rd Rilton Cup"]
[Site "Stockholm SWE"]
[Date "2003.12.30"]
[Round "4.26"]
[White "Estegaard, Thomas"]
[Black "Franssila, Tommi"]
[Result "0-1"]
[WhiteElo "2105"]
[BlackElo "2273"]
[EventDate "2003.12.27"]
[PlyCount "98"]

1.d4 d5 2.c4 Nc6 3.Nc3 dxc4 4.d5 Ne5 5.Nf3 Nxf3+ 6.exf3 e6 7.Bxc4 c6 8.
dxc6 Qxd1+ 9.Kxd1 bxc6 10.Be3 Nf6 11.Ke2 Nd5 12.Rac1 Be7 13.Rhd1 O-O 14.
Bd4 Rd8 15.Ne4 h5 16.g3 Nb6 17.Bb3 Ba6+ 18.Ke1 Bb4+ 19.Bc3 c5 20.Rxd8+ 
Rxd8 21.Rd1 Rxd1+ 22.Kxd1 Bb7 23.Ke2 a5 24.Bc2 f5 25.Nd2 Bd5 26.Bb3 Bxc3 
27.bxc3 a4 28.Bxd5 exd5 29.Kd3 Kf7 30.f4 Ke6 31.Nf1 Nc4 32.h3 Nd6 33.f3 g6
34.g4 fxg4 35.fxg4 Ne4 36.Nd2 Nf2+ 37.Ke3 Nxh3 38.gxh5 gxh5 39.c4 d4+ 40.
Ke4 Nf2+ 41.Kf3 Nd3 42.Ne4 a3 43.Ng3 Nb4 44.Ne4 Nxa2 45.Nxc5+ Kf5 46.Nb3 
d3 47.c5 Nb4 48.Nd4+ Kf6 49.Nb3 h4 0-1

[Event "33rd Rilton Cup"]
[Site "Stockholm SWE"]
[Date "2003.12.30"]
[Round "4.27"]
[White "Malmstig, Erik"]
[Black "Haapasalo, Jukka-Pekka"]
[Result "0-1"]
[WhiteElo "2277"]
[BlackElo "2146"]
[EventDate "2003.12.27"]
[PlyCount "94"]

1.e4 c5 2.Nf3 e6 3.d4 cxd4 4.Nxd4 Nc6 5.Nb5 d6 6.c4 Nf6 7.N1c3 a6 8.Na3 b6
9.Be2 Bb7 10.O-O Nb8 11.f3 Be7 12.Be3 Nbd7 13.Qd2 O-O 14.Rfd1 Qc7 15.Rac1 
Rac8 16.Bf1 Qb8 17.Nc2 Bd8 18.Kh1 Bc7 19.Bg1 Kh8 20.Re1 Rg8 21.Rcd1 g5 22.
Nd4 Rg6 23.Nc2 Rcg8 24.Ne3 h5 25.Bd3 Ne5 26.Bb1 Qf8 27.b4 Qh6 28.Rf1 Nfd7 
29.Qb2 Rf6 30.Ne2 Qg7 31.Rc1 Ba8 32.Nd4 Ng6 33.Qa3 Bb7 34.Qb2 Ba8 35.Nb3 
Nf4 36.Qd2 Ne5 37.a4 g4 38.fxg4 hxg4 39.Qf2 Qh7 40.Qb2 g3 41.Rf3 Rgg6 42.
Rxf4 Rxf4 43.c5 Rh6 44.h3 Rxh3+ 45.gxh3 Qxh3+ 46.Bh2 Rf2 47.Qxf2 gxf2 0-1

[Event "33rd Rilton Cup"]
[Site "Stockholm SWE"]
[Date "2003.12.30"]
[Round "4.29"]
[White "Acs, Peter"]
[Black "Lardot, Derik"]
[Result "1-0"]
[WhiteElo "2593"]
[BlackElo "2014"]
[EventDate "2003.12.27"]
[PlyCount "31"]

1.e4 e5 2.Nf3 Nc6 3.Bb5 f5 4.Nc3 Bb4 5.exf5 Bxc3 6.bxc3 e4 7.Nd4 Qg5 8.
Bxc6 dxc6 9.O-O Bxf5 10.d3 Qg6 11.Nxf5 Qxf5 12.dxe4 Qf7 13.e5 Ne7 14.e6 
Qxe6 15.Re1 Rd8 16.Qxd8+ 1-0

[Event "33rd Rilton Cup"]
[Site "Stockholm SWE"]
[Date "2003.12.30"]
[Round "4.31"]
[White "Lukin, Andrei"]
[Black "Miskulin, Dennis"]
[Result "1/2-1/2"]
[WhiteElo "2431"]
[BlackElo "2156"]
[EventDate "2003.12.27"]
[PlyCount "161"]

1.e4 c5 2.Nf3 Nc6 3.d4 cxd4 4.Nxd4 Nf6 5.Nc3 e5 6.Ndb5 d6 7.Bg5 a6 8.Na3 
b5 9.Bxf6 gxf6 10.Nd5 f5 11.c3 Bg7 12.exf5 Bxf5 13.Nc2 O-O 14.Nce3 Be6 15.
Bd3 f5 16.Qh5 e4 17.Bc2 Ne7 18.Nf4 Bf7 19.Bb3 d5 20.Qg5 Ng6 21.Qxd8 Raxd8 
22.Nexd5 Bh6 23.Nxg6 hxg6 24.Rd1 Bxd5 25.Bxd5+ Kg7 26.Ke2 Rd6 27.Bb7 Rfd8 
28.Rxd6 Rxd6 29.Rd1 Rb6 30.Rd7+ Kf6 31.f3 exf3+ 32.Kxf3 Bc1 33.b3 Re6 34.
Rd3 a5 35.c4 bxc4 36.bxc4 Rb6 37.Bd5 Rb2 38.c5 Rc2 39.c6 g5 40.h3 Bf4 41.
h4 Bc7 42.hxg5+ Kxg5 43.Rd1 Bb6 44.Rb1 Rf2+ 45.Kg3 f4+ 46.Kh3 Bc7 47.Rb5 
Re2 48.Bf3+ Re5 49.Rb7 Re7 50.Kh2 Kf6 51.Rb1 Bd6 52.Rc1 Bc7 53.Kg1 Re3 54.
Kf1 Ke7 55.Rd1 Bd6 56.Rd5 Re5 57.Rd3 Rc5 58.Ke1 Rc2 59.Bd5 Be5 60.Kd1 Rc3 
61.Rd2 Rc5 62.Bf3 Bd6 63.Rd3 Rc4 64.Bd5 Rc5 65.Ke2 Kf6 66.Bf3 Ke7 67.Kd2 
Rc4 68.Rb3 Ra4 69.Rb7+ Kf6 70.Rb2 Rd4+ 71.Ke2 Ke7 72.Rb7+ Kf6 73.Rb5 Bc7 
74.Rh5 Ra4 75.Rh7 Be5 76.c7 Rxa2+ 77.Kd3 Ra3+ 78.Ke4 Rc3 79.Rh6+ Kg7 80.
Kxe5 Kxh6 81.Kd6 1/2-1/2

[Event "33rd Rilton Cup"]
[Site "Stockholm SWE"]
[Date "2003.12.30"]
[Round "4.32"]
[White "Bellon Lopez, Juan Manuel"]
[Black "Ask, Josef"]
[Result "1/2-1/2"]
[WhiteElo "2423"]
[BlackElo "2178"]
[EventDate "2003.12.27"]
[PlyCount "59"]

1.d4 d5 2.Nf3 Nf6 3.c4 c6 4.Nc3 e6 5.Bg5 dxc4 6.e4 b5 7.e5 h6 8.Bh4 g5 9.
exf6 gxh4 10.Ne5 Qxf6 11.a4 Bb7 12.axb5 c5 13.Be2 cxd4 14.Qxd4 Bg7 15.f4 
Bxg2 16.Rg1 h3 17.Rxg2 hxg2 18.Bf3 O-O 19.Ke2 Nd7 20.Bxa8 Nxe5 21.fxe5 Qg5
22.h4 Qg6 23.Bf3 Bxe5 24.Qxe5 g1=Q 25.Rxg1 Qxg1 26.Ne4 Rd8 27.Nf6+ Kf8 28.
Nh7+ Kg8 29.Nf6+ Kf8 30.Nh7+ 1/2-1/2

[Event "33rd Rilton Cup"]
[Site "Stockholm SWE"]
[Date "2003.12.30"]
[Round "4.33"]
[White "Norberg, Erik"]
[Black "Hermansson, Emil"]
[Result "0-1"]
[WhiteElo "2166"]
[BlackElo "2422"]
[EventDate "2003.12.27"]
[PlyCount "42"]

1.e4 c5 2.Nf3 Nc6 3.g3 g6 4.Bg2 Bg7 5.O-O e5 6.c3 Nge7 7.a3 d5 8.d3 a5 9.
a4 O-O 10.Na3 d4 11.Qc2 Kh8 12.Rd1 f5 13.Qb3 h6 14.Bd2 fxe4 15.dxe4 Bg4 
16.c4 Qd7 17.Rdc1 d3 18.Ne1 Nd4 19.Qxd3 Ne2+ 20.Kf1 Qxd3 21.Nxd3 Rad8 0-1

[Event "33rd Rilton Cup"]
[Site "Stockholm SWE"]
[Date "2003.12.30"]
[Round "4.34"]
[White "Molander, Riku"]
[Black "Andersson, Fredrik"]
[Result "1/2-1/2"]
[WhiteElo "2324"]
[BlackElo "2164"]
[EventDate "2003.12.27"]
[PlyCount "68"]

1.e4 e5 2.Nf3 Nc6 3.Nc3 Nf6 4.a3 g6 5.Bc4 Bg7 6.d3 O-O 7.Be3 d6 8.Qd2 Re8 
9.Bh6 Be6 10.Bxe6 fxe6 11.Bxg7 Kxg7 12.d4 exd4 13.Nxd4 Nxd4 14.Qxd4 e5 15.
Qc4 Qd7 16.O-O Nh5 17.Rad1 Re7 18.Ne2 Rf8 19.Qd3 a5 20.c4 Qc6 21.f3 Nf4 
22.Nxf4 Rxf4 23.Rf2 Rf8 24.Qc3 b6 25.b4 axb4 26.axb4 Kg8 27.Rd5 Ra8 28.c5 
bxc5 29.bxc5 Rb8 30.h3 Rb5 31.Rc2 Rxc5 32.Rxc5 Qxc5+ 33.Qxc5 dxc5 34.Rxc5 
Kf7 1/2-1/2

[Event "33rd Rilton Cup"]
[Site "Stockholm SWE"]
[Date "2003.12.30"]
[Round "4.37"]
[White "Netzer, Jean"]
[Black "Martinsen, Stig"]
[Result "1/2-1/2"]
[WhiteElo "2268"]
[BlackElo "2117"]
[EventDate "2003.12.27"]
[PlyCount "92"]

1.e4 d6 2.d4 Nf6 3.Nc3 g6 4.Bg5 Bg7 5.Qd2 h6 6.Bh4 g5 7.Bg3 Nh5 8.O-O-O 
Nc6 9.Bb5 Bd7 10.Nge2 e6 11.f3 Nxg3 12.hxg3 Qe7 13.Qe3 a6 14.Bxc6 Bxc6 15.
g4 b6 16.Ng3 Rg8 17.Nce2 O-O-O 18.c4 Bb7 19.Qb3 Kb8 20.Rhe1 Ka7 21.Kb1 c5 
22.d5 Rb8 23.a4 Bc8 24.Kc2 Be5 25.Qd3 Qf6 26.Nh5 Qg6 27.dxe6 fxe6 28.Nc3 
Bd7 29.b3 Rgd8 30.Qf1 Be8 31.g3 Qg8 32.Qg2 Bg6 33.Rd3 Qf7 34.f4 Bxc3 35.
Kxc3 Bxh5 36.gxh5 gxf4 37.gxf4 Qxf4 38.Qd2 Qe5+ 39.Kc2 Qxh5 40.Rxd6 Qh4 
41.e5 Rxd6 42.exd6 Qf6 43.d7 Rd8 44.Qd6 Qf2+ 45.Kd3 Qf3+ 46.Kc2 Qf2+ 
1/2-1/2

[Event "33rd Rilton Cup"]
[Site "Stockholm SWE"]
[Date "2003.12.30"]
[Round "4.39"]
[White "Marttala, Thomas"]
[Black "Larsson, Victor"]
[Result "1-0"]
[WhiteElo "2227"]
[BlackElo "2116"]
[EventDate "2003.12.27"]
[PlyCount "67"]

1.d4 d5 2.c4 e6 3.Nc3 Be7 4.Nf3 Nf6 5.Bg5 O-O 6.e3 h6 7.Bxf6 Bxf6 8.Rc1 c6
9.Bd3 Nd7 10.O-O a6 11.Re1 b5 12.cxd5 cxd5 13.Bb1 Bb7 14.a4 b4 15.Ne2 g6 
16.Nf4 e5 17.dxe5 Nxe5 18.Nd4 Qb6 19.Ba2 Rad8 20.h3 Bg7 21.Re2 Rd7 22.Rd2 
Rfd8 23.Nb3 Bf8 24.Nd4 Qf6 25.Nde2 Qg5 26.Kf1 d4 27.Rxd4 Bg7 28.Rc5 Rxd4 
29.Nxd4 Bf8 30.Bxf7+ Kh8 31.Rxe5 Bxg2+ 32.Ke1 Qf6 33.Nxg6+ Kg7 34.Re8 1-0

[Event "33rd Rilton Cup"]
[Site "Stockholm SWE"]
[Date "2003.12.30"]
[Round "4.40"]
[White "Elfstrom, Jorgen"]
[Black "Edlund, Robin"]
[Result "0-1"]
[WhiteElo "2118"]
[BlackElo "2227"]
[EventDate "2003.12.27"]
[PlyCount "66"]

1.e4 c5 2.c3 Nf6 3.e5 Nd5 4.d4 cxd4 5.Nf3 e6 6.cxd4 d6 7.Nc3 Nxc3 8.bxc3 
Qc7 9.Bd2 Nd7 10.exd6 Bxd6 11.Bd3 b6 12.a4 Bb7 13.Qe2 O-O 14.h4 e5 15.Ng5 
Nf6 16.O-O Rae8 17.Qd1 Re7 18.Re1 Rfe8 19.Qb3 Bd5 20.c4 Bb7 21.d5 e4 22.
Bf1 Ng4 23.Be3 Bh2+ 24.Kh1 Bg1 25.g3 Bxf2 26.Bxf2 Nxf2+ 27.Kg2 e3 28.Bd3 
h6 29.Nf3 Qd7 30.Ng1 Re5 31.Rxe3 Rxe3 32.Kxf2 Qd6 33.Ne2 Qf6+ 0-1

[Event "33rd Rilton Cup"]
[Site "Stockholm SWE"]
[Date "2003.12.30"]
[Round "4.41"]
[White "Dalmau, Joergen"]
[Black "Kopasov, Evgeny"]
[Result "1-0"]
[WhiteElo "2003"]
[BlackElo "2154"]
[EventDate "2003.12.27"]
[PlyCount "57"]

1.e4 c5 2.Nf3 Nc6 3.Bb5 g6 4.O-O Nf6 5.Re1 Bg7 6.c3 a6 7.Bxc6 dxc6 8.h3 
Nd7 9.d4 O-O 10.Be3 cxd4 11.cxd4 c5 12.Nc3 Qa5 13.Nd5 e6 14.Ne7+ Kh8 15.
dxc5 Nxc5 16.b4 Qxb4 17.Rb1 Qa5 18.Qc2 b6 19.e5 Bd7 20.Bg5 Ba4 21.Qc4 Bb5 
22.Qh4 Nd3 23.Re4 Qxa2 24.Rf1 Nc5 25.Qxh7+ Kxh7 26.Rh4+ Bh6 27.Bxh6 Qc4 
28.Ng5+ Kh8 29.Bg7+ 1-0

[Event "33rd Rilton Cup"]
[Site "Stockholm SWE"]
[Date "2003.12.30"]
[Round "4.43"]
[White "Penttila, Tero"]
[Black "Lindh, Fredrik"]
[Result "1-0"]
[WhiteElo "1983"]
[BlackElo "2196"]
[EventDate "2003.12.27"]
[PlyCount "109"]

1.e4 c5 2.Nf3 Nc6 3.d4 cxd4 4.Nxd4 Nf6 5.Nc3 e5 6.Ndb5 d6 7.Bg5 a6 8.Na3 
b5 9.Nd5 Be7 10.Bxf6 Bxf6 11.c3 Bg5 12.Nc2 O-O 13.a4 bxa4 14.Rxa4 a5 15.
Bc4 Rb8 16.b3 Kh8 17.Nce3 g6 18.O-O f5 19.Qd3 f4 20.Nc2 f3 21.g3 Bh3 22.
Rd1 h5 23.Nde3 Be7 24.Bd5 Qd7 25.Rda1 h4 26.Bxc6 Qxc6 27.Nd5 Bd8 28.b4 Qd7
29.Ne1 Qg4 30.Ne3 Qg5 31.bxa5 hxg3 32.hxg3 Rb7 33.Qxd6 Be7 34.Qc6 Rb2 35.
R4a2 Qxg3+ 36.fxg3 f2+ 37.Kh2 Rxa2 38.Kxh3 Rxa1 39.N1g2 Rf7 40.Qe8+ Kg7 
41.Qb5 Rh1+ 42.Kg4 Rg1 43.Qxe5+ Bf6 44.Qb5 Bxc3 45.Nf4 Re1 46.Kf3 Bd4 47.
Nf1 Kh6 48.Qd5 Rf8 49.Qxd4 Rxf1 50.Qd6 Rg8 51.Ne6 Rc8 52.Qf4+ Kh7 53.Qf7+ 
Kh6 54.Qg7+ Kh5 55.Qh7# 1-0

[Event "33rd Rilton Cup"]
[Site "Stockholm SWE"]
[Date "2003.12.30"]
[Round "4.44"]
[White "Milanovic, Danilo"]
[Black "Johansson, Robin (1)"]
[Result "1-0"]
[WhiteElo "2446"]
[BlackElo "2095"]
[EventDate "2003.12.27"]
[PlyCount "53"]

1.d4 Nc6 2.Nf3 d5 3.c4 Bg4 4.Ne5 Nxe5 5.dxe5 c6 6.cxd5 Qxd5 7.Qa4 Be6 8.
Nc3 Qxe5 9.Bf4 Qf5 10.g3 g5 11.e4 Qg6 12.Nb5 Bg7 13.Nc7+ Kf8 14.Nxa8 gxf4 
15.O-O-O Be5 16.gxf4 Bxf4+ 17.Kb1 Nf6 18.Bd3 Qh5 19.Qxa7 Bg4 20.Rde1 Bf3 
21.Rhg1 Bxh2 22.Nb6 Bxg1 23.Qb8+ Kg7 24.Rxg1+ Bg4 25.Qg3 Rg8 26.e5 Kh6 27.
exf6 1-0

[Event "33rd Rilton Cup"]
[Site "Stockholm SWE"]
[Date "2003.12.30"]
[Round "4.45"]
[White "Nystrom, Ragnar"]
[Black "Eriksson, Jonas"]
[Result "0-1"]
[WhiteElo "2098"]
[BlackElo "2288"]
[EventDate "2003.12.27"]
[PlyCount "74"]

1.e4 c6 2.d4 d5 3.Nd2 dxe4 4.Nxe4 Nf6 5.Nxf6+ gxf6 6.Nf3 Bg4 7.Be2 Nd7 8.
h3 Bh5 9.Be3 e6 10.O-O Qc7 11.Re1 Rg8 12.a3 Bd6 13.c4 Bf4 14.Qd2 Bxe3 15.
Qxe3 O-O-O 16.b4 Nb6 17.a4 Bxf3 18.Qxf3 Rxd4 19.Qxf6 Rf4 20.Qc3 Nd7 21.a5 
Ne5 22.Qe3 Rf6 23.Red1 Rfg6 24.Bf1 f6 25.Ra3 Kb8 26.Rc3 Qg7 27.g3 h5 28.h4
Rg4 29.Be2 Rxh4 30.b5 f5 31.f4 Nd7 32.Qxe6 Rh3 33.Rxd7 Rxg3+ 34.Kf2 Rg2+ 
35.Kf1 Rf2+ 36.Ke1 Qxc3+ 37.Kxf2 Qg3+ 0-1

[Event "33rd Rilton Cup"]
[Site "Stockholm SWE"]
[Date "2003.12.30"]
[Round "4.47"]
[White "Jantti, Petri"]
[Black "Adler, Bo"]
[Result "1-0"]
[WhiteElo "2087"]
[BlackElo "2245"]
[EventDate "2003.12.27"]
[PlyCount "61"]

1.e4 e5 2.Nf3 Nc6 3.Bb5 a6 4.Ba4 d6 5.c3 f5 6.exf5 Bxf5 7.O-O Bd3 8.Re1 
Be7 9.Bc2 Bxc2 10.Qxc2 Nf6 11.d4 e4 12.d5 exf3 13.dxc6 bxc6 14.gxf3 O-O 
15.Be3 Qd7 16.Nd2 Qh3 17.Kh1 d5 18.Rg1 Bd6 19.Rg2 Nh5 20.Rag1 Rae8 21.Qa4 
Re6 22.Qxa6 c5 23.Qa5 d4 24.cxd4 cxd4 25.Bxd4 Rg6 26.Be5 Rxg2 27.Rxg2 Qf5 
28.f4 Re8 29.Qd5+ Kh8 30.Rg5 Qh3 31.Qf7 1-0

[Event "33rd Rilton Cup"]
[Site "Stockholm SWE"]
[Date "2003.12.30"]
[Round "4.50"]
[White "Norberg, Johan"]
[Black "Jensen, Leif Haugaard"]
[Result "1-0"]
[WhiteElo "2176"]
[BlackElo "2055"]
[EventDate "2003.12.27"]
[PlyCount "77"]

1.e4 e6 2.d4 d5 3.Nc3 dxe4 4.Nxe4 Bd7 5.Nf3 Bc6 6.Bd3 Bxe4 7.Bxe4 c6 8.O-O
Nf6 9.Bd3 Bd6 10.c4 Nbd7 11.b3 O-O 12.Bb2 Qc7 13.Re1 a6 14.Qc2 b5 15.Rac1 
Rfc8 16.Ne5 h6 17.Qe2 b4 18.c5 Bxe5 19.dxe5 Nd5 20.Rc4 Qd8 21.f4 g6 22.f5 
Nf8 23.fxg6 fxg6 24.Rg4 h5 25.Rc4 Rc7 26.Bc1 Rh7 27.h4 a5 28.Bg5 Qe8 29.g4
Raa7 30.gxh5 Rxh5 31.Rg4 Rah7 32.Rf1 Rf7 33.Bf6 Nxf6 34.Bxg6 Nxg6 35.Rxg6+
Kf8 36.exf6 Rxh4 37.Qd2 Qb8 38.Rd1 Qc7 39.Qd8+ 1-0

[Event "33rd Rilton Cup"]
[Site "Stockholm SWE"]
[Date "2003.12.30"]
[Round "4.51"]
[White "Dalmau, Juan"]
[Black "Malysheva, Polina"]
[Result "0-1"]
[WhiteElo "2041"]
[BlackElo "2157"]
[EventDate "2003.12.27"]
[PlyCount "38"]

1.e4 c5 2.Nf3 d6 3.c3 Nf6 4.Bd3 Nc6 5.O-O Bg4 6.Bc2 e6 7.d4 Bxf3 8.gxf3 
Be7 9.a3 Qb6 10.dxc5 Qxc5 11.Kh1 Qh5 12.Bf4 Qh3 13.Rg1 h6 14.Nd2 g5 15.Bg3
h5 16.Nc4 O-O-O 17.Bxd6 e5 18.Bd3 Bxd6 19.Qa4 Qxf3+ 0-1

[Event "33rd Rilton Cup"]
[Site "Stockholm SWE"]
[Date "2003.12.30"]
[Round "4.53"]
[White "Paaske, Asger"]
[Black "Gustafsson, Stefan"]
[Result "1/2-1/2"]
[WhiteElo "2162"]
[BlackElo "1980"]
[EventDate "2003.12.27"]
[PlyCount "32"]

1.e4 e6 2.d4 d5 3.Nd2 Nf6 4.e5 Nfd7 5.Bd3 c5 6.c3 Nc6 7.Ne2 Qb6 8.Nf3 cxd4
9.cxd4 f6 10.exf6 Nxf6 11.O-O Bd6 12.Re1 O-O 13.Nc3 Kh8 14.Nb5 Bb4 15.Re3 
a6 16.Nc3 Nxd4 1/2-1/2

[Event "33rd Rilton Cup"]
[Site "Stockholm SWE"]
[Date "2003.12.30"]
[Round "4.57"]
[White "Krantz, Christopher"]
[Black "Jiretorn, Eva"]
[Result "1-0"]
[WhiteElo "1919"]
[BlackElo "2146"]
[EventDate "2003.12.27"]
[PlyCount "120"]

1.c4 c5 2.Nc3 Nc6 3.g3 e5 4.Bg2 g6 5.e4 Bg7 6.Nge2 Nge7 7.d3 O-O 8.O-O a6 
9.Be3 d6 10.Qd2 f5 11.Bh6 Nd4 12.Bxg7 Kxg7 13.f4 fxe4 14.Bxe4 Nec6 15.fxe5
Rxf1+ 16.Rxf1 Bh3 17.Rf4 Nxe5 18.Nxd4 cxd4 19.Nd5 g5 20.Rf6 h6 21.Qb4 Rb8 
22.Rxd6 Qf8 23.Nf6 Nf7 24.Nh5+ Kh8 25.Rb6 Nd6 26.Bg2 Bxg2 27.Kxg2 Re8 28.
Nf4 gxf4 29.Qxd6 f3+ 30.Kf1 Qxd6 31.Rxd6 Re2 32.Rxh6+ Kg7 33.Rb6 Rxh2 34.
Rxb7+ Kf6 35.Rd7 Rxb2 36.Rxd4 Rxa2 37.Rf4+ Kg5 38.Rxf3 a5 39.Ke1 a4 40.Kd1
Rb2 41.Kc1 a3 42.Rf8 Rg2 43.Ra8 a2 44.c5 Kf6 45.c6 Rxg3 46.Rxa2 Ke7 47.Rc2
Kd8 48.d4 Rg5 49.Kd2 Kc7 50.Ke3 Rg8 51.Ke4 Kd6 52.d5 Rg7 53.Rf2 Rg6 54.Rf8
Rg4+ 55.Kf5 Rg7 56.Kf6 Rh7 57.Rf7 Rh8 58.Rd7+ Kc5 59.c7 Rc8 60.d6 Kc6 1-0

[Event "33rd Rilton Cup"]
[Site "Stockholm SWE"]
[Date "2003.12.30"]
[Round "4.63"]
[White "Friberg, Hans"]
[Black "Kulagin, Maxim"]
[Result "1-0"]
[WhiteElo "2243"]
[BlackElo "2056"]
[EventDate "2003.12.27"]
[PlyCount "93"]

1.Nf3 Nf6 2.c4 e6 3.Nc3 Bb4 4.Qc2 b6 5.a3 Bxc3 6.Qxc3 Bb7 7.b4 O-O 8.Bb2 
d6 9.e3 Nbd7 10.Be2 c5 11.O-O Qe7 12.b5 e5 13.Rae1 Ne4 14.Qc2 Ng5 15.Qf5 
Nxf3+ 16.Bxf3 e4 17.Be2 g6 18.Qh3 Ne5 19.f4 exf3 20.gxf3 Qg5+ 21.Kf2 Bc8 
22.Qg3 Qxg3+ 23.hxg3 Be6 24.Rc1 Rac8 25.Rh1 f6 26.Rh4 h5 27.d3 Kg7 28.Rch1
Rh8 29.e4 Rh7 30.g4 Rch8 31.gxh5 Rxh5 32.Rxh5 Rxh5 33.Rxh5 gxh5 34.f4 Ng4+
35.Kg3 Bd7 36.Kh4 Kh6 37.a4 Bc8 38.Bc3 Bd7 39.a5 Bc8 40.a6 Bd7 41.Bf3 Kg6 
42.Be1 Kh6 43.e5 dxe5 44.Ba5 exf4 45.Bxb6 Ne5 46.Bxh5 f3 47.Bxc5 1-0

[Event "33rd Rilton Cup"]
[Site "Stockholm SWE"]
[Date "2003.12.30"]
[Round "4.64"]
[White "Hansen, Victor"]
[Black "Larsen, Tor Kristian"]
[Result "0-1"]
[WhiteElo "2114"]
[BlackElo "1990"]
[EventDate "2003.12.27"]
[PlyCount "54"]

1.e4 c5 2.Nf3 Nc6 3.Bb5 g6 4.O-O Bg7 5.c3 Nf6 6.Re1 O-O 7.d4 cxd4 8.cxd4 
d5 9.e5 Ne8 10.Nc3 Bg4 11.Be3 Rc8 12.h3 Bxf3 13.Qxf3 e6 14.Rac1 f6 15.Qg4 
fxe5 16.Qxe6+ Kh8 17.Nxd5 exd4 18.Bf4 Nf6 19.Ne7 Nxe7 20.Qxe7 Qxe7 21.Rxe7
Nd5 22.Rxc8 Rxc8 23.Rxg7 Kxg7 24.Be5+ Kf7 25.Bxd4 a6 26.Bd3 Rc1+ 27.Bf1 
Nf4 0-1

[Event "33rd Rilton Cup"]
[Site "Stockholm SWE"]
[Date "2003.12.30"]
[Round "4.66"]
[White "Johansson, Kent"]
[Black "Azizi, Haroon"]
[Result "1/2-1/2"]
[WhiteElo "2027"]
[BlackElo "2122"]
[EventDate "2003.12.27"]
[PlyCount "122"]

1.d4 d5 2.c4 Nc6 3.cxd5 Qxd5 4.e3 e5 5.Nc3 Bb4 6.a3 Bxc3+ 7.bxc3 exd4 8.
cxd4 Nge7 9.Nf3 Bg4 10.Be2 O-O-O 11.O-O h5 12.Qc2 Bf5 13.Qc3 Be4 14.Ne1 g5
15.f3 Bg6 16.Bc4 Qd6 17.Bb2 Nd5 18.Qd2 Rhe8 19.Bxd5 Qxd5 20.e4 Qb5 21.d5 
g4 22.Rc1 gxf3 23.gxf3 f5 24.Qf2 Ne7 25.a4 Qa5 26.Rc4 fxe4 27.fxe4 Rg8 28.
Ng2 Kb8 29.Qf4 Nc8 30.Bc3 Qb6+ 31.Bd4 Qa5 32.Rc5 Qxa4 33.Qxc7+ Ka8 34.Rc4 
Bxe4 35.Bg7 Qxc4 36.Qxc4 Bxd5 37.Qc7 Rde8 38.Re1 Rd8 39.Kf2 Nb6 40.Ne3 Rc8
41.Qe5 Bc6 42.Ra1 a6 43.Qd4 Nd7 44.Nf5 Rcd8 45.Qc4 Nb8 46.Rg1 Bb5 47.Qb4 
Nc6 48.Qc5 Rd2+ 49.Kf3 Rgd8 50.Ne3 Be2+ 51.Kf4 Ra2 52.Ra1 Rad2 53.Ra4 R2d7
54.Nf5 Bd3 55.Rd4 Bxf5 56.Rxd7 Bxd7 57.Bd4 Bg4 58.Bf6 Rc8 59.Qb6 Na7 60.
Bd4 Nb5 61.Be5 Rf8+ 1/2-1/2

[Event "33rd Rilton Cup"]
[Site "Stockholm SWE"]
[Date "2003.12.30"]
[Round "4.67"]
[White "Egeland, Marte"]
[Black "Isaksson, Per"]
[Result "0-1"]
[WhiteElo "1990"]
[BlackElo "2085"]
[EventDate "2003.12.27"]
[PlyCount "126"]

1.e4 c5 2.Nf3 e6 3.d4 cxd4 4.Nxd4 a6 5.Nc3 Qc7 6.Be2 b5 7.Bf3 Bb7 8.Bg5 d6
9.Qd2 Nd7 10.Bh5 g6 11.Bg4 e5 12.Nde2 Ngf6 13.Bxd7+ Nxd7 14.Nd5 Bxd5 15.
Qxd5 Rc8 16.c3 Qc6 17.Rd1 Be7 18.Qd2 f6 19.Bh6 Qxe4 20.O-O Qc4 21.f4 Kf7 
22.fxe5 Nxe5 23.Bg5 Rhe8 24.Kh1 Kg7 25.Be3 Red8 26.b3 Qf7 27.Nf4 f5 28.Nd5
Re8 29.Nxe7 Qxe7 30.Qxd6 Rc6 31.Qd2 Ng4 32.Bd4+ Kg8 33.Rde1 Re6 34.Rxe6 
Qxe6 35.h3 Nf6 36.Qg5 Ne4 37.Qf4 Qd6 38.Qxd6 Nxd6 39.Rf2 Re1+ 40.Kh2 Rc1 
41.a4 Ne4 42.Re2 Rh1+ 43.Kxh1 Ng3+ 44.Kg1 Nxe2+ 45.Kf2 Nxd4 46.cxd4 Kf7 
47.Ke3 Ke6 48.Kd3 Kd5 49.Kc3 g5 50.axb5 axb5 51.Kb4 f4 52.Kxb5 h5 53.Ka6 
g4 54.hxg4 hxg4 55.b4 f3 56.gxf3 gxf3 57.b5 f2 58.b6 f1=Q+ 59.Ka7 Qa1+ 60.
Kb8 Qxd4 61.b7 Kd6 62.Ka8 Qa4+ 63.Kb8 Qa5 0-1

[Event "33rd Rilton Cup"]
[Site "Stockholm SWE"]
[Date "2003.12.30"]
[Round "4.69"]
[White "Miloradovic, Jelena"]
[Black "Johnsen, Sylvia"]
[Result "1-0"]
[WhiteElo "2149"]
[BlackElo "2102"]
[EventDate "2003.12.27"]
[PlyCount "119"]

1.c4 c5 2.Nf3 Nf6 3.Nc3 Nc6 4.d4 cxd4 5.Nxd4 g6 6.e4 d6 7.Be2 Bg7 8.Nc2 
O-O 9.O-O b6 10.Be3 Nd7 11.Qd2 Re8 12.Rad1 Bb7 13.b3 Nc5 14.f3 Rc8 15.Nd5 
a5 16.Rb1 e6 17.Nc3 Qe7 18.Nb5 Rcd8 19.Rfd1 Rd7 20.Bg5 f6 21.Bf4 Ne5 22.a3
d5 23.exd5 exd5 24.Re1 dxc4 25.Bxc4+ Kh8 26.Qf2 Qd8 27.Bxe5 fxe5 28.Ne3 e4
29.fxe4 Rd2 30.Re2 Nxe4 31.Rxd2 Qxd2 32.Qxd2 Nxd2 33.Rd1 Nxc4 34.Nxc4 Bc6 
35.Nbd6 Re2 36.Kf1 Rxg2 37.Nc8 Kg8 38.N8xb6 Rxh2 39.Rd8+ Kf7 40.Nxa5 Bb5+ 
41.Nac4 Ke7 42.Rd3 Bf8 43.a4 Bc6 44.b4 Ke6 45.b5 Be4 46.Re3 Rh1+ 47.Ke2 
Kf5 48.Nd7 Bh6 49.Nd6+ Ke6 50.Rxe4+ Kxd7 51.Nc4 Bg5 52.a5 Kc7 53.a6 Rh4 
54.b6+ Kc6 55.Rxh4 Bxh4 56.a7 Kb7 57.Nd6+ Ka8 58.Nb5 Bg3 59.Nc7+ Bxc7 60.
bxc7 1-0

[Event "33rd Rilton Cup"]
[Site "Stockholm SWE"]
[Date "2003.12.30"]
[Round "4.70"]
[White "Horn, Emilia"]
[Black "Backman, Michael"]
[Result "1-0"]
[WhiteElo "2028"]
[BlackElo "2106"]
[EventDate "2003.12.27"]
[PlyCount "65"]

1.e4 c5 2.Nf3 d6 3.d4 Nf6 4.Nc3 cxd4 5.Qxd4 Nc6 6.Bb5 Bd7 7.Bxc6 Bxc6 8.
Bg5 e5 9.Qd3 Be7 10.O-O-O O-O 11.Bxf6 Bxf6 12.Qxd6 Qa5 13.Nd5 Qxa2 14.
Nxf6+ gxf6 15.Nd2 Qa1+ 16.Nb1 Bxe4 17.Qxf6 Rac8 18.Rd2 Rc5 19.Qe7 b6 20.
Re1 Bxc2 21.Rxc2 Rfc8 22.Qg5+ Kf8 23.Qh6+ Kg8 24.Qg5+ Kf8 25.Re2 Qa5 26.
Nc3 b5 27.Rxe5 Qa1+ 28.Kd2 Rxe5 29.Qxe5 Rd8+ 30.Nd5 Qa5+ 31.b4 Qxb4+ 32.
Ke2 Qg4+ 33.Ke3 1-0

[Event "33rd Rilton Cup"]
[Site "Stockholm SWE"]
[Date "2003.12.30"]
[Round "4.71"]
[White "Cleanthous, Demetris"]
[Black "Karlsen, Terje"]
[Result "0-1"]
[WhiteElo "2091"]
[BlackElo "2083"]
[EventDate "2003.12.27"]
[PlyCount "96"]

1.d4 Nf6 2.c4 c5 3.d5 e6 4.Nc3 exd5 5.cxd5 d6 6.e4 g6 7.Bd3 Bg7 8.Nge2 O-O
9.O-O a6 10.a4 Nbd7 11.a5 Qc7 12.h3 Rb8 13.Be3 Re8 14.Kh1 c4 15.Bc2 Nc5 
16.f3 Bd7 17.Bd4 b5 18.axb6 Rxb6 19.Na4 Bxa4 20.Bxa4 Reb8 21.Ra2 Nd3 22.
Qc2 Nb4 23.Bxb6 Rxb6 24.Qb1 Nxa2 25.Qxa2 Nxd5 26.Rb1 Nb4 27.Qa3 Nd3 28.b4 
Qb8 29.Bc2 Rxb4 30.Rf1 Nc5 31.Nc3 Rb2 32.Bd1 Qb4 33.Qxb4 Rxb4 34.Nd5 Rb2 
35.Ne3 c3 36.Nc2 a5 37.Kh2 Nd3 38.h4 Nb4 39.Na3 c2 40.Be2 Ra2 41.Nxc2 Rxc2
42.Bb5 Ra2 43.Bc4 Ra1 44.Rf2 a4 45.f4 a3 46.Rd2 Rc1 47.Bb3 Rc3 48.e5 Rxb3 
0-1